书目信息 |
| 题名: |
油船
|
|
| 作者: | ;大连红旗造船厂 编 | |
| 分册: | ||
| 出版信息: | 北京 国防工业出版社 1978 |
|
| 页数: | 212页 | |
| 开本: | 26cm | |
| 丛书名: | ||
| 单 册: | ||
| 中图分类: | U674.13 | |
| 科图分类: | ||
| 主题词: | 油船 | |
| 电子资源: | ||
| ISBN: | ||
| 000 | 00588nam0 2200217 45 | |
| 001 | 0178005522 | |
| 005 | 20060726172643.21 | |
| 010 | @dCNY1.10 | |
| 091 | @a15034.1662 | |
| 100 | @a19950727d1978 emky0chiy0121 ea | |
| 101 | 0 | @achi |
| 102 | @aCN@b110000 | |
| 105 | @ay z 000yy | |
| 200 | 10 | @a油船@Ayou chuan@f大连红旗造船厂《油船》三结合编写组编 |
| 210 | @a北京@c国防工业出版社@d1978 | |
| 215 | @a212页@d26cm | |
| 606 | @a油船 | |
| 690 | @aU674.13@v3 | |
| 711 | 02 | @a大连红旗造船厂@Ada lian hong qi zao chuan chang@4编 |
| 801 | 0 | @aCN@bTSSF@c20060726 |
| 905 | @a10447@dU674.13@e119 | |
| 油船/大连红旗造船厂《油船》三结合编写组编.-北京:国防工业出版社,1978 |
| 212页;26cm |
| ISBN :CNY1.10 |
| ● |
| 相关链接 |
|
|
|
|
正题名:油船
索取号:U674.13/119
 
预约/预借
| 序号 | 登录号 | 条形码 | 馆藏地/架位号 | 状态 | 备注 |
| 1 | 0438610 | 204386100 | 密集书库/ [索取号:U674.13/119] | 在馆 |